Звичайний вигляд
Перегляд у МАРК
Входження „Chronological Term“
Кількість записів, які використовуються: 1
001 - CONTROL NUMBER
- control field: 3614
003 - CONTROL NUMBER IDENTIFIER
- control field: UA-OsUOA
005 - DATE AND TIME OF LATEST TRANSACTION
- control field: 20240710115442.0
008 - FIXED-LENGTH DATA ELEMENTS
- fixed length control field: 240710|| aca||aabn | a|a d
040 ## - CATALOGING SOURCE
- Original cataloging agency: UA-OsUOA
- Transcribing agency: UA-OsUOA
148 ## - HEADING--CHRONOLOGICAL TERM
- Chronological term: 81 Лінгвістика. Мовознавство. Мови
670 ## - SOURCE DATA FOUND
- Source citation: Work cat.: (UA-OsUOA)576593: 3360, Стилистика английского языка, 1991